000
00302nam a22001217a 4500
999
_c
13260
_d
13260
020
_a
9789698791438
082
_a
907.205
100
_a
Syed Jaffar Ahmed
245
_a
Challenges of History Writing in South Asia
260
_a
Pakistan
_b
University of Karachi
_c
2013
300
_a
506 pages
942
_c
BK